000 00674nam a22002177a 4500
003 UA-OsUOA
001 39470
007 ta
008 20080421b un ||||| |||| 00| 0 ukr d
090 _a050
_bП36
942 _cMG
040 _aUA-OsUOA
_bukr
_cUA-OsUOA
_dUA-OsUOA
245 _aПівнічне сяйво (Альманах)
955 _a4
041 _aukr
080 _a050
260 _aЕдмонтон
310 _a1967: 3; 1968: 2; 1969: 4; 1971: 5
650 7 _a050 Серійні публікації. Періодика галузі, Організація та інші типи поєднання (співробітництва)
_2UDC
999 _c437978
_d437978